[Event "LEM Sachsen-Anhalt"]
[Site "Halle"]
[Date "2010.05.13"]
[Round "1.1"]
[White "Andre, Gordon"]
[Black "Schalk, Martin"]
[Result "1-0"]
[WhiteElo "2297"]
[BlackElo "2107"]
[PlyCount "49"]
[EventDate "2010.??.??"]

1. d4 Nf6 2. c4 e6 3. Nc3 Bb4 4. e3 O-O 5. Bd3 d5 6. Nge2 c5 7. cxd5 cxd4 8.
exd4 Nxd5 9. Qc2 h6 10. O-O Nc6 11. a3 Be7 12. Rd1 Bf6 13. Bc4 Nxc3 14. bxc3
Qa5 15. Rb1 a6 16. Qe4 Ne7 17. Bd3 g6 18. Bxh6 Rd8 19. Qf3 Bg7 20. Bf4 Bd7 21.
Qxb7 Nd5 22. Bg5 f6 23. Bd2 Rab8 24. Qxa6 Qc7 25. Bxg6 1-0

[Event "LEM Sachsen-Anhalt"]
[Site "Halle"]
[Date "2010.05.13"]
[Round "1.2"]
[White "Groeger, Eric"]
[Black "Goergens, Michael"]
[Result "1-0"]
[WhiteElo "1794"]
[BlackElo "2075"]
[PlyCount "67"]
[EventDate "2010.??.??"]

1. d4 Nf6 2. c4 g6 3. Nc3 Bg7 4. Nf3 d6 5. g3 O-O 6. Bg2 Nbd7 7. O-O c6 8. b3
c5 9. Bb2 Rb8 10. Qd2 a6 11. dxc5 Nxc5 12. Nd4 Ne6 13. Nd5 b5 14. Nxe6 fxe6 15.
Nxf6+ Bxf6 16. Bxf6 Rxf6 17. cxb5 Rxb5 18. Rac1 Bd7 19. Bc6 Rh5 20. Qd3 Ra5 21.
a4 Bc8 22. b4 Raf5 23. Be4 Re5 24. f4 Rh5 25. Bf3 Rh6 26. Qe3 Bd7 27. Qa7 Bxa4
28. Qxa6 Qd7 29. Qc8+ Rf8 30. Qxd7 Bxd7 31. Rc7 Rd8 32. Ra1 Kf8 33. Raa7 Ke8
34. Rxd7 1-0

[Event "LEM Sachsen-Anhalt"]
[Site "Halle"]
[Date "2010.05.13"]
[Round "1.3"]
[White "Buerckner, Georg"]
[Black "Schindler, Christian"]
[Result "1/2-1/2"]
[WhiteElo "2000"]
[BlackElo "2147"]
[PlyCount "117"]
[EventDate "2010.??.??"]

1. e4 Nf6 2. Nc3 d5 3. exd5 Nxd5 4. Nxd5 Qxd5 5. d4 Nc6 6. Nf3 Bg4 7. Be2 O-O-O
8. c3 e5 9. O-O exd4 10. Nxd4 Bxe2 11. Qxe2 Nxd4 12. cxd4 Bd6 13. Be3 f5 14.
Rac1 Kb8 15. Qd2 Rhg8 16. Bf4 g5 17. Bxd6 Rxd6 18. Rfe1 c6 19. Re7 Rd7 20. Rce1
f4 21. R1e5 Rxe7 22. Rxe7 Rd8 23. Qb4 Rd7 24. Re8+ Kc7 25. h3 Qxa2 26. Qc5 Qd5
27. Qxa7 h6 28. b4 Qxd4 29. Qa5+ b6 30. Qa7+ Kd6 31. Qb8+ Kd5 32. Qc8 Qd1+ 33.
Kh2 Rd6 34. Qf5+ Kc4 35. Re4+ Rd4 36. Re6 Rd6 37. Qe4+ Kb5 38. Re5+ Rd5 39. Re6
h5 40. Qg6 Qc1 41. Qe4 Qb2 42. Qf3 Qxb4 43. Qxh5 Qb2 44. Qe8 Rc5 45. Re2 Qd4
46. Qe6 Rd5 47. Rc2 c5 48. Rc1 Qd3 49. Qe8+ Kb4 50. Ra1 b5 51. Qe1+ Qd2 52.
Rb1+ Kc3 53. Rc1+ Kb2 54. Rb1+ Kc2 55. Qe4+ Qd3 56. Qe1 Qd2 57. Qe4+ Qd3 58.
Qe1 Qd2 59. Qe4+ 1/2-1/2

[Event "LEM Sachsen-Anhalt"]
[Site "Halle"]
[Date "2010.05.13"]
[Round "1.4"]
[White "Heyder, Florian"]
[Black "Ozeran, Volodymyr"]
[Result "1-0"]
[WhiteElo "2195"]
[BlackElo "2101"]
[PlyCount "37"]
[EventDate "2010.??.??"]

1. e4 c6 2. d4 d5 3. f3 dxe4 4. fxe4 e5 5. Nf3 exd4 6. Bc4 Be6 7. Bxe6 fxe6 8.
O-O Be7 9. Nxd4 Qb6 10. Qh5+ g6 11. Qe5 Nf6 12. Be3 c5 13. Nxe6 Nbd7 14. Nc7+
Kf7 15. Nxa8 Rxa8 16. Qc3 Kg7 17. Nd2 Re8 18. Rad1 Bd6 19. Nc4 1-0

[Event "LEM Frauen Sachsen-Anhalt"]
[Site "Halle"]
[Date "2010.05.13"]
[Round "1.1"]
[White "Pflug, Tanja"]
[Black "Schwebbach, Angelika"]
[Result "1-0"]
[WhiteElo "2055"]
[BlackElo "1859"]
[PlyCount "93"]
[EventDate "2010.??.??"]

1. f4 d6 2. Nf3 Nc6 3. d4 e6 4. e4 d5 5. e5 Nge7 6. c3 Nf5 7. Bd3 Be7 8. O-O
O-O 9. Qe2 Bd7 10. g4 Nh4 11. Nxh4 Bxh4 12. g5 g6 13. Qg4 Bxg5 14. fxg5 Ne7 15.
Rf3 Kg7 16. Qh4 Rh8 17. Be3 Nf5 18. Bxf5 exf5 19. Nd2 Qe7 20. Bf4 Be6 21. Rc1
Qd7 22. b3 Rae8 23. Qf2 c6 24. c4 Rc8 25. Rfc3 Rhd8 26. Nf3 Qe7 27. h4 a5 28.
Qh2 Ra8 29. R1c2 a4 30. h5 Rh8 31. h6+ Kf8 32. cxd5 Bxd5 33. e6 axb3 34. Bd6
bxc2 35. Bxe7+ Kxe7 36. Qxc2 Rxa2 37. Qb1 Rha8 38. Qxb7+ Kxe6 39. Re3+ Be4 40.
Qxc6+ Ke7 41. d5 Kd8 42. Qf6+ Ke8 43. d6 R8a7 44. Qh8+ Kd7 45. Qxh7 Kxd6 46.
Qg7 Rb7 47. h7 1-0

[Event "LEM Sachsen-Anhalt"]
[Site "Halle"]
[Date "2010.05.13"]
[Round "2.1"]
[White "Schalk, Martin"]
[Black "Ozeran, Volodymyr"]
[Result "0-1"]
[WhiteElo "2107"]
[BlackElo "2101"]
[PlyCount "48"]
[EventDate "2010.??.??"]

1. e4 c6 2. d4 d5 3. Nd2 dxe4 4. Nxe4 Nd7 5. Bc4 Ngf6 6. Ng5 e6 7. Qe2 Nb6 8.
Bb3 h6 9. N5f3 Qc7 10. Ne5 c5 11. Ngf3 Bd6 12. dxc5 Bxc5 13. O-O O-O 14. Bf4
Nbd5 15. Bg3 Nh5 16. c4 Nxg3 17. hxg3 Nf6 18. Bc2 b6 19. a3 a5 20. Rfd1 Bb7 21.
Nd4 Rad8 22. Nb5 Qb8 23. Nd3 Qxg3 24. Qf1 Ng4 0-1

[Event "LEM Sachsen-Anhalt"]
[Site "Halle"]
[Date "2010.05.13"]
[Round "2.2"]
[White "Schindler, Christian"]
[Black "Heyder, Florian"]
[Result "1/2-1/2"]
[WhiteElo "2147"]
[BlackElo "2195"]
[PlyCount "64"]
[EventDate "2010.??.??"]

1. g3 Nf6 2. c4 c5 3. Bg2 e6 4. Nf3 Nc6 5. Nc3 Be7 6. d4 cxd4 7. Nxd4 a6 8. O-O
O-O 9. b3 Qc7 10. Bb2 Rd8 11. e3 Rb8 12. Ne4 Nxe4 13. Bxe4 Nxd4 14. Bxd4 b5 15.
Rc1 b4 16. Qc2 h6 17. Bg2 Bb7 18. e4 Bc5 19. Bb2 e5 20. Rcd1 Bc6 21. Qe2 d6 22.
Kh1 Re8 23. f4 Rbd8 24. f5 f6 25. Bf3 Ra8 26. h4 a5 27. Rd2 a4 28. Qd3 Ra6 29.
Bd1 Qb7 30. Re1 Ra7 31. Kg2 axb3 32. Bxb3 Kf8 1/2-1/2

[Event "LEM Sachsen-Anhalt"]
[Site "Halle"]
[Date "2010.05.13"]
[Round "2.3"]
[White "Goergens, Michael"]
[Black "Buerckner, Georg"]
[Result "1/2-1/2"]
[WhiteElo "2075"]
[BlackElo "2000"]
[PlyCount "87"]
[EventDate "2010.??.??"]

1. e4 e5 2. Nf3 Nc6 3. Bc4 Bc5 4. O-O Nf6 5. d3 h6 6. Be3 Bxe3 7. fxe3 O-O 8.
Nbd2 d5 9. exd5 Nxd5 10. Bxd5 Qxd5 11. e4 Qc5+ 12. Rf2 Be6 13. Nb3 Qe7 14. Qd2
a5 15. Raf1 Bxb3 16. axb3 a4 17. bxa4 Rxa4 18. g3 Qe6 19. Nh4 Ne7 20. Kg2 Ng6
21. Nxg6 Qxg6 22. Qc3 Qd6 23. Rxf7 Rxf7 24. Qb3 Qd7 25. Rxf7 Qxf7 26. Qxa4 Qh5
27. Qa8+ Kh7 28. Qf8 Qe2+ 29. Qf2 Qd1 30. h3 Kg8 31. g4 g5 32. Kg3 Qc1 33. b3
b5 34. h4 b4 35. hxg5 hxg5 36. Qe2 Qf4+ 37. Kh3 c5 38. Kg2 Kg7 39. Qf3 Kg6 40.
Kf2 Qd2+ 41. Kg3 Qf4+ 42. Kg2 Kg7 43. Qe2 Kg8 44. Kh3 1/2-1/2

[Event "LEM Sachsen-Anhalt"]
[Site "Halle"]
[Date "2010.05.13"]
[Round "2.4"]
[White "Andre, Gordon"]
[Black "Groeger, Eric"]
[Result "1-0"]
[WhiteElo "2297"]
[BlackElo "1794"]
[PlyCount "37"]
[EventDate "2010.??.??"]

1. d4 Nf6 2. c4 g6 3. Nc3 Bg7 4. e4 d6 5. f3 O-O 6. Nge2 e5 7. Be3 exd4 8. Nxd4
Nc6 9. Qd2 Bd7 10. Be2 a6 11. O-O Nxd4 12. Bxd4 Re8 13. Rac1 Nh5 14. f4 Qh4 15.
Bxh5 Qxh5 16. Bxg7 Kxg7 17. Qd4+ Kg8 18. Nd5 Re6 19. f5 1-0

[Event "LEM Frauen Sachsen-Anhalt"]
[Site "Halle"]
[Date "2010.05.13"]
[Round "2.1"]
[White "Schwebbach, Angelika"]
[Black "Pflug, Tanja"]
[Result "0-1"]
[WhiteElo "1859"]
[BlackElo "2055"]
[PlyCount "94"]
[EventDate "2010.??.??"]

1. e4 e6 2. d4 d5 3. Nc3 Nf6 4. exd5 exd5 5. Bd3 Bd6 6. Nf3 Bg4 7. O-O O-O 8.
Bg5 c6 9. Re1 Nbd7 10. h3 Bh5 11. Nb1 Qc7 12. Nbd2 Rae8 13. c3 Rxe1+ 14. Qxe1
Re8 15. Qf1 Ne4 16. Re1 f5 17. Nb3 h6 18. Bc1 Qd8 19. c4 Bb8 20. cxd5 Qc7 21.
Ne5 Nxe5 22. dxe5 Qxe5 23. f4 Qf6 24. dxc6 bxc6 25. Bxe4 fxe4 26. Kh1 Qd6 27.
Be3 Bf7 28. Qf2 Bd5 29. Nd4 Rf8 30. Rf1 g5 31. g3 Qd7 32. Qg2 Bd6 33. Rc1 Kh8
34. Ne2 Rg8 35. fxg5 hxg5 36. Kh2 Be5 37. b3 Qg7 38. Rd1 Rf8 39. Nd4 Kg8 40.
Qd2 Qc7 41. Qg2 Qg7 42. Ne2 Rf3 43. Qg1 g4 44. h4 Qf6 45. Nf4 Bxf4 46. Bxf4 e3
47. Bxe3 Qxh4+ 0-1

[Event "LEM Sachsen-Anhalt"]
[Site "Halle"]
[Date "2010.05.13"]
[Round "3.1"]
[White "Groeger, Eric"]
[Black "Schalk, Martin"]
[Result "0-1"]
[WhiteElo "1794"]
[BlackElo "2107"]
[PlyCount "76"]
[EventDate "2010.??.??"]

1. d4 Nf6 2. Nf3 e6 3. g3 d5 4. Bg2 c6 5. c4 Bb4+ 6. Bd2 Be7 7. b3 Nbd7 8. O-O
O-O 9. Qc2 b6 10. Bc3 Bb7 11. Nbd2 Rc8 12. Qb2 Rc7 13. Ne5 Qa8 14. e4 Rd8 15.
exd5 cxd5 16. Nxd7 Rcxd7 17. f4 g6 18. Nf3 Rc7 19. Ne5 dxc4 20. Bxb7 Qxb7 21.
bxc4 Ne4 22. Qb3 Nxc3 23. Qxc3 Rxd4 24. Qxd4 Bc5 25. Rad1 Bxd4+ 26. Rxd4 f6 27.
Ng4 Kf7 28. Rfd1 h5 29. Nf2 Re7 30. Ne4 Qa6 31. Rd8 Qa4 32. R1d2 Qc6 33. Nd6+
Kg7 34. Rc8 Qa4 35. Ne4 Qb4 36. Kf2 f5 37. Rdd8 fxe4 38. Rg8+ Kf6 0-1

[Event "LEM Sachsen-Anhalt"]
[Site "Halle"]
[Date "2010.05.13"]
[Round "3.2"]
[White "Buerckner, Georg"]
[Black "Andre, Gordon"]
[Result "1/2-1/2"]
[WhiteElo "2000"]
[BlackElo "2297"]
[PlyCount "73"]
[EventDate "2010.??.??"]

1. e4 e6 2. d4 d5 3. exd5 exd5 4. Bd3 Nc6 5. c3 Bd6 6. Nf3 Nge7 7. O-O Bg4 8.
Be3 Qd7 9. Nbd2 O-O 10. Qc2 f5 11. h3 Bh5 12. Bg5 Ng6 13. Nh4 Nxh4 14. Bxh4 h6
15. f4 Rae8 16. Rf2 Ne7 17. Bxe7 Rxe7 18. Raf1 Re3 19. Nf3 Bxf4 20. Ne5 Bxe5
21. Bxf5 Rxf5 22. Qxf5 Qxf5 23. Rxf5 Be2 24. Kf2 Bxd4 25. cxd4 Bxf1 26. Kxe3
Bxg2 27. h4 Be4 28. Rf1 g6 29. Kf4 Kg7 30. Ke5 g5 31. hxg5 hxg5 32. Rf2 g4 33.
Kf4 Bf3 34. Rh2 c6 35. Rh5 a5 36. Re5 Kf7 37. a3 1/2-1/2

[Event "LEM Sachsen-Anhalt"]
[Site "Halle"]
[Date "2010.05.13"]
[Round "3.3"]
[White "Heyder, Florian"]
[Black "Goergens, Michael"]
[Result "0-1"]
[WhiteElo "2195"]
[BlackElo "2075"]
[PlyCount "70"]
[EventDate "2010.??.??"]

1. c4 e5 2. e3 Nc6 3. a3 d6 4. d3 g6 5. b4 Bg7 6. Bb2 Nf6 7. Nd2 O-O 8. Ngf3
Ne7 9. Be2 h6 10. Rc1 Nd7 11. Qc2 f5 12. h4 Rf7 13. Nb3 Nf8 14. c5 Ne6 15. Ba1
Bd7 16. Na5 b6 17. cxd6 cxd6 18. Nc4 Bc6 19. Qd1 Rc8 20. Rg1 Nd5 21. g4 f4 22.
e4 Ne7 23. Bb2 Bb7 24. Qb3 Nd4 25. Bxd4 exd4 26. Kd2 Kf8 27. b5 Ng8 28. g5 h5
29. Qb4 Rc5 30. Bd1 Rfc7 31. Bb3 Qd7 32. a4 Qh3 33. Ke2 Bxe4 34. Ncd2 Bxf3+ 35.
Nxf3 Re7+ 0-1

[Event "LEM Sachsen-Anhalt"]
[Site "Halle"]
[Date "2010.05.13"]
[Round "3.4"]
[White "Ozeran, Volodymyr"]
[Black "Schindler, Christian"]
[Result "1-0"]
[WhiteElo "2101"]
[BlackElo "2147"]
[PlyCount "127"]
[EventDate "2010.??.??"]

1. d4 c5 2. d5 Nf6 3. c4 b5 4. cxb5 a6 5. bxa6 Bxa6 6. Nc3 d6 7. g3 g6 8. Bg2
Bg7 9. Nh3 Nbd7 10. O-O O-O 11. Re1 Ne8 12. Bd2 Nc7 13. Qc1 Re8 14. Bh6 Bh8 15.
Nf4 Ne5 16. Nh3 Qb8 17. Rb1 Bc8 18. Bf4 Qb4 19. Bxe5 Bxe5 20. Nf4 Ba6 21. Rd1
Reb8 22. Qc2 Bxf4 23. a3 Qb3 24. Qxb3 Rxb3 25. gxf4 Rab8 26. e4 Rxb2 27. Bf1
Kf8 28. Bxa6 Nxa6 29. Rxb2 Rxb2 30. Rb1 Rc2 31. Rb6 Nc7 32. Rb8+ Kg7 33. Rb3
Kf6 34. a4 Na6 35. Ra3 h6 36. Kg2 g5 37. fxg5+ hxg5 38. Kf3 Ke5 39. Ke3 Rc1 40.
f3 Nb4 41. a5 Rh1 42. Ra4 Na6 43. Ra2 e6 44. Rg2 f6 45. dxe6 Kxe6 46. Rd2 Nc7
47. Ra2 Na6 48. Rd2 Ra1 49. Ra2 Rc1 50. Kd2 Rh1 51. Ke3 f5 52. exf5+ Kxf5 53.
Rd2 Ke5 54. Rd5+ Ke6 55. Rxg5 Rxh2 56. Rg6+ Ke5 57. Ne4 d5 58. f4+ Kf5 59. Rf6+
Kg4 60. Nf2+ Rxf2 61. Kxf2 Nb4 62. a6 Nxa6 63. Rxa6 Kxf4 64. Ra5 1-0

[Event "LEM Sachsen-Anhalt"]
[Site "Halle"]
[Date "2010.05.13"]
[Round "4.1"]
[White "Schalk, Martin"]
[Black "Schindler, Christian"]
[Result "0-1"]
[WhiteElo "2107"]
[BlackElo "2147"]
[PlyCount "72"]
[EventDate "2010.??.??"]

1. e4 Nf6 2. e5 Nd5 3. d4 d6 4. Nf3 Bg4 5. Be2 c6 6. Ng5 Bf5 7. a3 h6 8. Nf3
Nd7 9. exd6 exd6 10. c4 N5f6 11. Nc3 Be7 12. O-O O-O 13. Bd3 Bxd3 14. Qxd3 d5
15. b3 Bd6 16. g3 Re8 17. Nh4 Ne4 18. Ne2 Bf8 19. f3 Ng5 20. Nf5 g6 21. Ne3
dxc4 22. Qxc4 Nb6 23. Qd3 Bg7 24. f4 Ne6 25. Bb2 Nc5 26. Qc2 Rxe3 27. dxc5 Bxb2
28. Qxb2 Qe7 29. Rf2 Qxc5 30. f5 g5 31. Raf1 Rae8 32. Nf4 gxf4 33. Rxf4 Rxb3+
34. Qd4 Qxd4+ 35. Rxd4 Rxa3 36. f6 Ra4 0-1

[Event "LEM Sachsen-Anhalt"]
[Site "Halle"]
[Date "2010.05.13"]
[Round "4.2"]
[White "Goergens, Michael"]
[Black "Ozeran, Volodymyr"]
[Result "1-0"]
[WhiteElo "2075"]
[BlackElo "2101"]
[PlyCount "73"]
[EventDate "2010.??.??"]

1. e4 c6 2. d4 d5 3. e5 Bf5 4. Bd3 Bxd3 5. Qxd3 e6 6. Ne2 Nd7 7. O-O c5 8. c3
Qb6 9. Nd2 Ne7 10. Kh1 Nc6 11. a3 a5 12. f4 Qa6 13. Qf3 g6 14. b3 h5 15. Bb2
Ne7 16. c4 dxc4 17. bxc4 cxd4 18. Nxd4 Nf5 19. Nb5 Rc8 20. Rfd1 Nc5 21. Ne4
Nxe4 22. Qxe4 Qc6 23. Qxc6+ Rxc6 24. Nd6+ Nxd6 25. exd6 Rg8 26. Be5 Kd7 27.
Rab1 b6 28. c5 Bh6 29. cxb6 f6 30. b7 Rb8 31. Bd4 Ra6 32. g3 g5 33. Rdc1 e5 34.
fxe5 fxe5 35. Bxe5 Ra7 36. Rc7+ Ke6 37. Re7+ 1-0

[Event "LEM Sachsen-Anhalt"]
[Site "Halle"]
[Date "2010.05.13"]
[Round "4.3"]
[White "Andre, Gordon"]
[Black "Heyder, Florian"]
[Result "1-0"]
[WhiteElo "2297"]
[BlackElo "2195"]
[PlyCount "161"]
[EventDate "2010.??.??"]

1. d4 Nf6 2. c4 e5 3. dxe5 Ng4 4. e3 Nxe5 5. Nh3 Nbc6 6. Nf4 Bc5 7. Nc3 O-O 8.
Be2 Re8 9. O-O a5 10. b3 d6 11. Bb2 Bf5 12. h3 Ne7 13. Kh2 h6 14. Na4 Ba7 15.
c5 N7g6 16. cxd6 Nxf4 17. exf4 Nc6 18. Bg4 Qh4 19. dxc7 Rac8 20. Nc3 Rxc7 21.
Nd5 Bxg4 22. Qxg4 Qxg4 23. hxg4 Rd7 24. Rad1 Red8 25. Nc3 Rd2 26. Ba1 Rxf2 27.
Rxf2 Bxf2 28. Rxd8+ Nxd8 29. Ne4 Bb6 30. Kg3 Bc7 31. Kf3 Nc6 32. a4 Ne7 33. f5
Nc6 34. Nc5 b6 35. Nd3 f6 36. Ke4 Kf7 37. Bb2 Ne7 38. Ba3 Bg3 39. Bxe7 Kxe7 40.
Kd5 Kd7 41. Nc1 Bf4 42. Ne2 Be5 43. Ng1 Bf4 44. Nf3 Bd6 45. Nd4 Bc5 46. Ne6 Be3
47. Nxg7 Bd2 48. Nh5 Bc3 49. Ng3 Bb2 50. Ne4 Be5 51. g5 hxg5 52. Nxg5 Bc3 53.
Ne4 Be5 54. Nd2 Bf4 55. Ne4 Be5 56. Nf2 Bc3 57. Ng4 Bb2 58. g3 Bc3 59. Nf2 Be5
60. Ne4 Ba1 61. g4 Bb2 62. g5 fxg5 63. Nxg5 Bf6 64. Ne4 Bg7 65. Nd2 Bf6 66. Nc4
Bd8 67. Ne5+ Kc7 68. Ke6 Bh4 69. Nf3 Bd8 70. Ke5 Kc6 71. Nd4+ Kd7 72. Nc2 Kc6
73. Nd4+ Kd7 74. Kd5 Bf6 75. Nf3 Bd8 76. Ne5+ Kc7 77. Ng4 Bg5 78. f6 Kd7 79.
Ne5+ Kc7 80. f7 Bh6 81. Ng6 1-0

[Event "LEM Sachsen-Anhalt"]
[Site "Halle"]
[Date "2010.05.13"]
[Round "4.4"]
[White "Groeger, Eric"]
[Black "Buerckner, Georg"]
[Result "1-0"]
[WhiteElo "1794"]
[BlackElo "2000"]
[PlyCount "109"]
[EventDate "2010.??.??"]

1. d4 d5 2. c4 e6 3. Nc3 Nf6 4. Bg5 Be7 5. e3 O-O 6. Nf3 a6 7. Rc1 Nbd7 8. cxd5
exd5 9. Bd3 h6 10. Bh4 b6 11. O-O Bb7 12. h3 Ne4 13. Bxe7 Qxe7 14. Bb1 Rac8 15.
Nd2 f5 16. a3 Kh8 17. Ba2 Ndf6 18. Nf3 Nxc3 19. Rxc3 Nd7 20. b4 Qd6 21. Qc2 Rf6
22. Rc1 c6 23. Bb1 Rcf8 24. h4 Qe6 25. g3 g6 26. a4 R8f7 27. Qb2 Kg7 28. Bd3
Rf8 29. R3c2 R6f7 30. Rc3 Kh7 31. Qb1 Rg7 32. Kg2 Nf6 33. Ne5 c5 34. bxc5 bxc5
35. Rxc5 Ng4 36. Nxg4 fxg4 37. Rc7 Ba8 38. Rxg7+ Kxg7 39. Rc7+ Rf7 40. Rxf7+
Kxf7 41. Qb8 Bc6 42. a5 g5 43. hxg5 hxg5 44. Bxa6 Ba4 45. Be2 Qe4+ 46. Kg1 Qc2
47. Bxg4 Qc1+ 48. Kg2 Bc2 49. Qc7+ Kg6 50. Qd6+ Kh7 51. Qe7+ Kg6 52. Qe6+ Kg7
53. Bf5 Bb3 54. Qe7+ Kg8 55. Bg6 1-0

[Event "LEM Sachsen-Anhalt"]
[Site "Halle"]
[Date "2010.05.13"]
[Round "5.1"]
[White "Buerckner, Georg"]
[Black "Schalk, Martin"]
[Result "1/2-1/2"]
[WhiteElo "2000"]
[BlackElo "2107"]
[PlyCount "72"]
[EventDate "2010.??.??"]

1. e4 c5 2. c3 d5 3. exd5 Qxd5 4. d4 e6 5. Nf3 Nf6 6. Be2 Nc6 7. O-O cxd4 8.
cxd4 Be7 9. Nc3 Qd6 10. Be3 O-O 11. Qd2 a6 12. Rac1 Rd8 13. Rfd1 Nd5 14. Nxd5
Qxd5 15. Bc4 Qf5 16. Qe2 Nb4 17. Ne5 Bd6 18. a3 Nd5 19. Bd3 Qf6 20. Ng4 Qe7 21.
Bd2 f5 22. Ne5 Bd7 23. Qh5 Be8 24. Qh3 Rac8 25. Rxc8 Rxc8 26. Re1 Bxe5 27. dxe5
Bb5 28. Bb1 Qc5 29. g4 g6 30. gxf5 gxf5 31. Kh1 Kh8 32. Rg1 Qxf2 33. Be1 {@}
33... Qe2 (33... Bc6 34. Bxf2 Nf4+ 35. Qg2 Nxg2 36. Rxg2 Rg8 37. Bg3 Rd8 $19)
34. Qg3 Qg4 35. Qf2 Qf4 36. Qg2 Qg4 1/2-1/2

[Event "LEM Sachsen-Anhalt"]
[Site "Halle"]
[Date "2010.05.13"]
[Round "5.2"]
[White "Heyder, Florian"]
[Black "Groeger, Eric"]
[Result "0-1"]
[WhiteElo "2195"]
[BlackElo "1794"]
[PlyCount "64"]
[EventDate "2010.??.??"]

1. e4 c5 2. Nf3 d6 3. d4 cxd4 4. Nxd4 Nf6 5. Nc3 g6 6. Be3 Bg7 7. f3 O-O 8. Qd2
Nc6 9. O-O-O Bd7 10. g4 Rc8 11. Kb1 Ne5 12. h4 Nc4 13. Bxc4 Rxc4 14. h5 Qb8 15.
hxg6 fxg6 16. Nd5 Rf7 17. Qg2 b5 18. g5 Nxd5 19. exd5 Qc8 20. Rd2 a5 21. Qh2
Bh8 22. Re1 b4 23. Qe2 Rc7 24. Bg1 a4 25. Ne6 Bxe6 26. dxe6 Rf5 27. Bh2 a3 28.
Qe3 Bxb2 29. Qb6 Bc3 30. Rde2 Bxe1 31. Rxe1 Rxc2 32. Bxd6 Rb2+ 0-1

[Event "LEM Sachsen-Anhalt"]
[Site "Halle"]
[Date "2010.05.13"]
[Round "5.3"]
[White "Ozeran, Volodymyr"]
[Black "Andre, Gordon"]
[Result "0-1"]
[WhiteElo "2101"]
[BlackElo "2297"]
[PlyCount "76"]
[EventDate "2010.??.??"]

1. c4 c5 2. Nc3 Nf6 3. g3 d5 4. cxd5 Nxd5 5. Bg2 Nc7 6. Nf3 Nc6 7. d3 e5 8. O-O
Be7 9. b3 O-O 10. Ba3 b6 11. Bb2 Bg4 12. Nd2 Qd7 13. Re1 Rad8 14. Nc4 f6 15.
Ne3 Be6 16. Rf1 f5 17. Nc2 f4 18. Ne4 Bh3 19. f3 Be6 20. Qd2 Nd5 21. Rfd1 Nd4
22. Bxd4 exd4 23. Rdc1 a5 24. Na3 h5 25. Nc4 Ra8 26. a4 Rab8 27. Qe1 g6 28. Ra2
Kg7 29. Raa1 Rh8 30. Qd2 Rbf8 31. gxf4 Qc7 32. Ng5 Bc8 33. Nh3 Bxh3 34. Bxh3
Rxf4 35. Be6 Rh4 36. e3 dxe3 37. Qe2 Nf4 38. Qe1 Nxe6 0-1

[Event "LEM Sachsen-Anhalt"]
[Site "Halle"]
[Date "2010.05.13"]
[Round "5.4"]
[White "Schindler, Christian"]
[Black "Goergens, Michael"]
[Result "1/2-1/2"]
[WhiteElo "2147"]
[BlackElo "2075"]
[PlyCount "91"]
[EventDate "2010.??.??"]

1. c4 e5 2. Nc3 Nc6 3. g3 g6 4. Bg2 Bg7 5. d3 Nge7 6. e4 O-O 7. Nge2 d6 8. O-O
Be6 9. Nd5 Qd7 10. Rb1 a5 11. b3 Nb4 12. Nxe7+ Qxe7 13. a3 Nc6 14. b4 axb4 15.
axb4 b5 16. cxb5 Nd4 17. Nxd4 exd4 18. Bd2 Ra2 19. Ra1 Rfa8 20. Rxa2 Rxa2 21.
f4 Bd7 22. b6 cxb6 23. Be1 Bb5 24. Rf2 Ra3 25. Bf1 Qa7 26. Rc2 Qa6 27. Rb2 Rxd3
28. Bxd3 Bxd3 29. Bf2 Qc4 30. Rd2 Bxe4 31. Bxd4 d5 32. Bxb6 Qxb4 33. Bd4 Bxd4+
34. Rxd4 Qb2 35. Rd2 Qb6+ 36. Kf1 Qe6 37. Qa1 Qc6 38. h3 Qc4+ 39. Kg1 h5 40.
Kh2 h4 41. gxh4 Bf5 42. Qe5 Qb3 43. Rxd5 Qxh3+ 44. Kg1 Qg3+ 45. Kf1 Bd3+ 46.
Rxd3 1/2-1/2

[Event "LEM Sachsen-Anhalt"]
[Site "Halle"]
[Date "2010.05.13"]
[Round "6.1"]
[White "Schalk, Martin"]
[Black "Goergens, Michael"]
[Result "1/2-1/2"]
[WhiteElo "2107"]
[BlackElo "2075"]
[PlyCount "31"]
[EventDate "2010.??.??"]

1. e4 e5 2. Nf3 Nf6 3. d4 Nxe4 4. Bd3 d5 5. Nxe5 Be6 6. O-O Nd7 7. f4 g6 8. Nd2
f5 9. Ndf3 Ndf6 10. c3 c6 11. Bd2 Bd6 12. Be1 O-O 13. Bh4 Qb6 14. Bxf6 Rxf6 15.
Qe2 Kg7 16. g3 1/2-1/2

[Event "LEM Sachsen-Anhalt"]
[Site "Halle"]
[Date "2010.05.13"]
[Round "6.2"]
[White "Andre, Gordon"]
[Black "Schindler, Christian"]
[Result "1/2-1/2"]
[WhiteElo "2297"]
[BlackElo "2147"]
[PlyCount "24"]
[EventDate "2010.??.??"]

1. d4 c5 2. e3 Nf6 3. Nf3 d5 4. c4 cxd4 5. exd4 e6 6. Nc3 Nc6 7. Bg5 Be7 8. a3
dxc4 9. Bxc4 Nd5 10. Bxe7 Ncxe7 11. Qa4+ Bd7 12. Qb3 Qb6 1/2-1/2

[Event "LEM Sachsen-Anhalt"]
[Site "Halle"]
[Date "2010.05.13"]
[Round "6.3"]
[White "Groeger, Eric"]
[Black "Ozeran, Volodymyr"]
[Result "0-1"]
[WhiteElo "1794"]
[BlackElo "2101"]
[PlyCount "74"]
[EventDate "2010.??.??"]

1. d4 Nf6 2. c4 e6 3. Nf3 b6 4. Nc3 Bb7 5. e3 Bb4 6. Bd2 O-O 7. Bd3 d5 8. cxd5
exd5 9. O-O Nbd7 10. Ne2 Bd6 11. Ng3 Bxg3 12. hxg3 Re8 13. Rc1 Ne4 14. Bb5 Re6
15. Qa4 Nb8 16. Rc2 c6 17. Bd3 Nd7 18. Rfc1 a6 19. Be1 c5 20. dxc5 bxc5 21. Ba5
Qe7 22. Nd2 f5 23. g4 Bc6 24. Qa3 Qh4 25. Nxe4 fxe4 26. g3 Qxg4 27. Be2 Qh3 28.
Bf1 Qf5 29. Rxc5 Nxc5 30. Qxc5 h5 31. Bg2 Rf8 32. Rc2 h4 33. gxh4 Rg6 34. Bc7
Bb5 35. Qd4 Rc8 36. Rc3 Rxc7 37. Rxc7 Qg4 0-1

[Event "LEM Sachsen-Anhalt"]
[Site "Halle"]
[Date "2010.05.13"]
[Round "6.4"]
[White "Buerckner, Georg"]
[Black "Heyder, Florian"]
[Result "1/2-1/2"]
[WhiteElo "2000"]
[BlackElo "2195"]
[PlyCount "23"]
[EventDate "2010.??.??"]

1. e4 c5 2. d4 cxd4 3. c3 d3 4. Bxd3 e6 5. Nf3 d6 6. O-O Nd7 7. Bf4 Ngf6 8. Qe2
Be7 9. Na3 O-O 10. Rad1 e5 11. Bc1 Nc5 12. Bc2 1/2-1/2

[Event "LEM Sachsen-Anhalt"]
[Site "Halle"]
[Date "2010.05.13"]
[Round "7.1"]
[White "Heyder, Florian"]
[Black "Schalk, Martin"]
[Result "1/2-1/2"]
[WhiteElo "2195"]
[BlackElo "2107"]
[PlyCount "67"]
[EventDate "2010.??.??"]

1. e4 c5 2. Nf3 Nc6 3. Bb5 g6 4. O-O Bg7 5. c3 d6 6. d4 cxd4 7. cxd4 Bd7 8. Nc3
Nf6 9. Re1 O-O 10. e5 Ne8 11. Bf4 Bg4 12. Bxc6 bxc6 13. h3 Be6 14. Ng5 Nc7 15.
Qa4 h6 16. Nge4 dxe5 17. dxe5 Bd5 18. Rac1 Ne6 19. Bg3 Qb6 20. b3 a5 21. Kh2
Qb4 22. Qxb4 axb4 23. Na4 Rxa4 24. bxa4 Bxa2 25. Rxc6 Ra8 26. Rb6 Rxa4 27. Ra1
b3 28. Nc3 Ra3 29. Nxa2 Nd4 30. Rb7 Nc2 31. Rxb3 Rxb3 32. Rd1 Rb7 33. Nc3 Na3
34. Rd8+ 1/2-1/2

[Event "LEM Sachsen-Anhalt"]
[Site "Halle"]
[Date "2010.05.13"]
[Round "7.2"]
[White "Ozeran, Volodymyr"]
[Black "Buerckner, Georg"]
[Result "1-0"]
[WhiteElo "2101"]
[BlackElo "2000"]
[PlyCount "103"]
[EventDate "2010.??.??"]

1. c4 e6 2. Nc3 d5 3. d4 Nf6 4. Nf3 Be7 5. Bf4 a6 6. e3 O-O 7. h3 Nbd7 8. c5
Nh5 9. Bh2 g6 10. Bd3 f5 11. Ne2 Bf6 12. Rc1 c6 13. b4 Qe8 14. Bd6 Be7 15. Bc7
Bd8 16. Bh2 Bf6 17. g4 fxg4 18. hxg4 Ng7 19. Ne5 Nxe5 20. Bxe5 Bxe5 21. dxe5
Qd8 22. Nf4 Qg5 23. Qe2 Bd7 24. Nxg6 hxg6 25. f4 Rxf4 26. exf4 Qxf4 27. Rb1 Rf8
28. Rh2 Be8 29. Kd1 a5 30. a3 Qd4 31. Kd2 axb4 32. axb4 Rf4 33. Rg2 Re4 34. Qf3
Rf4 35. Qe3 Rxg4 36. Qxd4 Rxd4 37. Kc3 Rf4 38. Bxg6 Bxg6 39. Rxg6 Kf7 40. Rbg1
Rf3+ 41. Kb2 Nf5 42. Rf6+ Ke7 43. Rh1 Rg3 44. Rh7+ Rg7 45. Rxg7+ Nxg7 46. Rh6
Nf5 47. Rh7+ Kd8 48. Rxb7 Nd4 49. Rf7 Ke8 50. Rf4 Ne2 51. Rg4 Ke7 52. Kc2 1-0

[Event "LEM Sachsen-Anhalt"]
[Site "Halle"]
[Date "2010.05.13"]
[Round "7.3"]
[White "Schindler, Christian"]
[Black "Groeger, Eric"]
[Result "1-0"]
[WhiteElo "2147"]
[BlackElo "1794"]
[PlyCount "71"]
[EventDate "2010.??.??"]

1. c4 Nf6 2. Nc3 g6 3. g3 Bg7 4. Bg2 d6 5. Nf3 O-O 6. O-O c6 7. d4 Nbd7 8. Qc2
e5 9. Rd1 Qc7 10. dxe5 dxe5 11. Ng5 h6 12. Nge4 Nxe4 13. Nxe4 Nf6 14. Nxf6+
Bxf6 15. Bxh6 Re8 16. Be3 Be6 17. Rd2 Red8 18. Rad1 Rxd2 19. Rxd2 Rd8 20. b3
Rxd2 21. Qxd2 b5 22. c5 Be7 23. h4 a5 24. Bf3 Kf8 25. Bh6+ Ke8 26. Bg7 b4 27.
Qe3 f6 28. Qh6 Bf7 29. Qh8+ Kd7 30. Bxf6 Bxf6 31. Qxf6 Kc8 32. Qxc6 Qxc6 33.
Bxc6 Kc7 34. Bb5 Be6 35. f3 Bf5 36. e4 1-0